[Event "Plzen, FSB C"]
[Site "?"]
[Date "2004.??.??"]
[Round "1.1"]
[White "Szarowski, D."]
[Black "Malek, M."]
[Result "1/2-1/2"]
[WhiteElo "1889"]
[BlackElo "1642"]
[PlyCount "62"]
[EventDate "2004.??.??"]
[Source "ChessBase"]
[SourceDate "1996.11.15"]

1. e4 c5 2. Nf3 d6 3. d4 cxd4 4. Nxd4 Nf6 5. Nc3 e6 6. Bc4 Nc6 7. Bb3 a6 8. f4
Be7 9. O-O Nxd4 10. Qxd4 b5 11. f5 e5 12. Qd3 Bb7 13. Bg5 h6 14. Bh4 Rc8 15.
Rad1 Rxc3 16. bxc3 Bxe4 17. Qd2 Qb6+ 18. Kh1 Bb7 19. Bxf6 gxf6 20. Bd5 Bf8 21.
c4 Bc6 22. Rb1 Rg8 23. cxb5 axb5 24. a4 Rg4 25. axb5 Bb7 26. Bc6+ Ke7 27. Qd5
Rd4 28. Qf3 Rf4 29. Qd5 Rd4 30. Qf3 Rf4 31. Qd5 Rd4 1/2-1/2

[Event "Plzen, FSB C"]
[Site "?"]
[Date "2004.??.??"]
[Round "1.2"]
[White "Verf, F."]
[Black "Hava, J."]
[Result "0-1"]
[WhiteElo "1638"]
[BlackElo "1871"]
[PlyCount "136"]
[EventDate "2004.??.??"]
[Source "ChessBase"]
[SourceDate "1996.11.15"]

1. e4 d5 2. exd5 Nf6 3. Nf3 Nxd5 4. Bc4 Nb6 5. Bb3 Nc6 6. O-O e6 7. d4 Be7 8.
c4 Na5 9. c5 Nxb3 10. axb3 Nd5 11. Nc3 O-O 12. Nxd5 Qxd5 13. Bd2 b6 14. Re1 Bf6
15. Bc3 Bb7 16. b4 Rfd8 17. Qc2 g5 18. b5 bxc5 19. dxc5 Qxc5 20. Ra5 Bxc3 21.
Qxc3 Qxc3 22. bxc3 Bxf3 23. gxf3 Rd3 24. Re3 Rd5 25. c4 Rc5 26. Ra4 Rb8 27. Re4
Rb7 28. Ra6 Kg7 29. Kg2 e5 30. Rg4 h6 31. h4 f6 32. h5 f5 33. Rg6+ Kh7 34. Rg3
f4 35. Rh3 Rxc4 36. Rh1 Rb6 37. Rxb6 axb6 38. Rd1 Rd4 39. Rc1 Rd7 40. Rc6 Kg7
41. Rg6+ Kh7 42. Rc6 Re7 43. Rc4 c5 44. bxc6 Rc7 45. Kf1 Kg7 46. Ke2 Kf6 47.
Kd3 Kf5 48. Kc3 Ke6 49. Kb4 Kd6 50. Kb5 Rc8 51. Kxb6 Rb8+ 52. Ka5 Kc7 53. Rc5
Rb6 54. Rxe5 Rxc6 55. Re7+ Kd6 56. Rg7 Ke5 57. Kb4 Rc2 58. Rg6 Rxf2 59. Rxh6
Rxf3 60. Rh8 Rh3 61. h6 Kf5 62. h7 Kg4 63. Kc4 f3 64. Kd3 Rh2 65. Ke3 Re2+ 66.
Kd3 Re7 67. Kd2 Rf7 68. Ke1 Kf4 0-1

[Event "Plzen, FSB C"]
[Site "?"]
[Date "2004.??.??"]
[Round "1.3"]
[White "Talma, K."]
[Black "Fastova, K."]
[Result "0-1"]
[WhiteElo "1823"]
[BlackElo "1636"]
[PlyCount "58"]
[EventDate "2004.??.??"]
[Source "ChessBase"]
[SourceDate "1996.11.15"]

1. Nf3 c5 2. c4 Nf6 3. g3 g6 4. Bg2 Bg7 5. O-O Nc6 6. d3 O-O 7. Nbd2 b6 8. Rb1
Bb7 9. a3 d5 10. cxd5 Nxd5 11. Nc4 Rc8 12. Qb3 Qd7 13. Ng5 Nd4 14. Qd1 Ba8 15.
e3 Nc6 16. Bd2 Rcd8 17. Qa4 Nc7 18. Bxc6 Qxc6 19. Qxc6 Bxc6 20. Bc3 Bxc3 21.
bxc3 f6 22. Nh3 Rxd3 23. Rfc1 Nd5 24. Rb3 Rd8 25. Nb2 Rd2 26. Nc4 Ra2 27. Rbb1
Nc7 28. Nf4 e5 29. Ng2 Bb5 0-1

[Event "Plzen, FSB C"]
[Site "?"]
[Date "2004.??.??"]
[Round "1.4"]
[White "Sefrna, F."]
[Black "Tenk, P."]
[Result "1/2-1/2"]
[WhiteElo "1615"]
[BlackElo "1806"]
[PlyCount "85"]
[EventDate "2004.??.??"]
[Source "ChessBase"]
[SourceDate "1996.11.15"]

1. e4 e6 2. d4 d5 3. Nc3 Nf6 4. Bg5 Bb4 5. e5 h6 6. Bd2 Bxc3 7. bxc3 Ne4 8. Bd3
Nxd2 9. Qxd2 c5 10. Nf3 Nc6 11. O-O Qa5 12. Rfd1 Bd7 13. Be2 Rc8 14. a3 a6 15.
Qd3 Ne7 16. c4 dxc4 17. Qe4 Bc6 18. Qg4 cxd4 19. Qxg7 Rg8 20. Qh7 Rd8 21. g3
Qc3 22. Nh4 Rf8 23. Qxh6 d3 24. cxd3 cxd3 25. Bf1 Qxe5 26. Qe3 Qxe3 27. fxe3
Be4 28. Rd2 Ng6 29. Nxg6 Bxg6 30. Rad1 Ke7 31. Bxd3 Rxd3 32. Rxd3 Bxd3 33. Rxd3
Rd8 34. Rxd8 Kxd8 35. h4 b5 36. h5 Ke7 37. Kf2 Kf6 38. e4 Kg5 39. g4 f5 40.
gxf5 exf5 41. exf5 Kxh5 42. Ke3 Kg5 43. Kd4 1/2-1/2

[Event "Plzen, FSB C"]
[Site "?"]
[Date "2004.??.??"]
[Round "1.5"]
[White "Dvorak, M."]
[Black "Volf, M."]
[Result "1-0"]
[WhiteElo "1796"]
[BlackElo "1611"]
[PlyCount "47"]
[EventDate "2004.??.??"]
[Source "ChessBase"]
[SourceDate "1996.11.15"]

1. e4 e5 2. Nf3 Nc6 3. Bc4 Bc5 4. c3 Nf6 5. d3 d6 6. a4 a5 7. Bg5 h6 8. Bh4 Be6
9. Nbd2 O-O 10. Qb3 Bxc4 11. Nxc4 Qd7 12. O-O Nh5 13. Rad1 Rfb8 14. Qb5 Qe8 15.
d4 exd4 16. cxd4 Bb4 17. Qxh5 Qxe4 18. Ne3 Re8 19. Qd5 Qg6 20. Bg3 Ra6 21. Qc4
Kf8 22. Nd5 Rc8 23. Nxb4 axb4 24. d5 1-0

[Event "Plzen, FSB C"]
[Site "?"]
[Date "2004.??.??"]
[Round "1.6"]
[White "Hahn, C."]
[Black "Rouc, M."]
[Result "0-1"]
[WhiteElo "1601"]
[BlackElo "1776"]
[PlyCount "96"]
[EventDate "2004.??.??"]
[Source "ChessBase"]
[SourceDate "1996.11.15"]

1. e4 e5 2. Nf3 Nc6 3. Bc4 Nf6 4. d3 Bc5 5. c3 Bb6 6. b4 d6 7. a4 a6 8. Be3 Be6
9. Nbd2 Bxe3 10. fxe3 d5 11. exd5 Bxd5 12. e4 Bxc4 13. Nxc4 Ng4 14. Qd2 b5 15.
Ne3 Nxe3 16. Qxe3 O-O 17. O-O Qd6 18. axb5 axb5 19. Rad1 Ra3 20. d4 Qxb4 21.
Rd3 Qe7 22. d5 Na5 23. Rb1 Nc4 24. Qe2 Qc5+ 25. Kh1 Rfa8 26. Rdd1 Rxc3 27. Rdc1
Rxc1+ 28. Rxc1 Qa3 29. Qf1 h6 30. h3 Ra7 31. Rb1 Rb7 32. Ra1 Qe7 33. Ne1 Nd6
34. Nd3 b4 35. Qe1 g6 36. Rb1 b3 37. Nc5 Rb5 38. Nxb3 Qg5 39. Nd2 Rxb1 40. Nxb1
Qf4 41. Nc3 Kg7 42. Qe2 Qc1+ 43. Nd1 Nxe4 44. Kh2 Qf4+ 45. Kg1 Ng3 46. Qd3 Qd4+
47. Nf2 Nf5 48. Qb3 Ne7 0-1

[Event "Plzen, FSB C"]
[Site "?"]
[Date "2004.??.??"]
[Round "1.7"]
[White "Pechat, J."]
[Black "Kang, MY."]
[Result "1/2-1/2"]
[WhiteElo "1775"]
[BlackElo "1589"]
[PlyCount "40"]
[EventDate "2004.??.??"]
[Source "ChessBase"]
[SourceDate "1996.11.15"]

1. e4 e5 2. f4 Nc6 3. Nf3 d6 4. Bc4 h6 5. O-O Nf6 6. Nc3 Be7 7. d4 Bg4 8. dxe5
Bxf3 9. Rxf3 dxe5 10. Rd3 Bd6 11. Bb5 Qe7 12. Nd5 Qe6 13. f5 Qd7 14. Nxf6+ gxf6
15. Be3 a6 16. Ba4 O-O-O 17. Qf3 Rdg8 18. Kh1 h5 19. Rad1 Kd8 20. Bc5 Ke7 {
36 tahu} 1/2-1/2

[Event "Plzen, FSB C"]
[Site "?"]
[Date "2004.??.??"]
[Round "1.8"]
[White "Hava, R."]
[Black "Bartonicek, Z."]
[Result "0-1"]
[WhiteElo "1557"]
[BlackElo "1771"]
[PlyCount "66"]
[EventDate "2004.??.??"]
[Source "ChessBase"]
[SourceDate "1996.11.15"]

1. e4 d6 2. d4 g6 3. Be3 Bg7 4. c3 Nf6 5. Nf3 Nxe4 6. Bd3 Nf6 7. O-O O-O 8. Qd2
Nbd7 9. Bh6 b6 10. Re1 Bb7 11. Bb5 a6 12. Ba4 Ne4 13. Qc1 c5 14. Bxg7 Kxg7 15.
Nbd2 Nxd2 16. Qxd2 b5 17. Bc2 c4 18. Be4 Bxe4 19. Rxe4 h6 20. Rae1 e6 21. Qf4
Nf6 22. R4e2 Nd5 23. Qg3 Qe7 24. Nh4 Qf6 25. Rf1 Qf4 26. Qh3 g5 27. g3 Qf6 28.
Ng2 Qf3 29. Rfe1 a5 30. Ne3 Nxe3 31. Rxe3 Qf6 32. Rxe6 fxe6 33. Rxe6 Qxf2+ 0-1

[Event "Plzen, FSB C"]
[Site "?"]
[Date "2004.??.??"]
[Round "1.9"]
[White "Nathansky, D."]
[Black "Bolek, M."]
[Result "1-0"]
[WhiteElo "1771"]
[BlackElo "1554"]
[PlyCount "115"]
[EventDate "2004.??.??"]
[Source "ChessBase"]
[SourceDate "1996.11.15"]

1. e4 e5 2. Nf3 Nc6 3. Bb5 a6 4. Ba4 Nf6 5. O-O Be7 6. Re1 b5 7. Bb3 O-O 8. c3
d5 9. exd5 Nxd5 10. Nxe5 Nxe5 11. Rxe5 c6 12. Qf3 Bd6 13. Re1 Bb7 14. Bxd5 cxd5
15. d4 Qc7 16. h3 Rae8 17. Rxe8 Rxe8 18. Be3 Re6 19. Nd2 Rf6 20. Qe2 Bc8 21.
Re1 Bf5 22. Nb3 h6 23. Nc5 Bxc5 24. dxc5 Re6 25. Qd2 Rg6 26. Kh1 Qd7 27. Kh2
Qc7+ 28. g3 Be4 29. Qd4 Qd7 30. Bf4 Qf5 31. Qe5 Qc8 32. b4 Re6 33. Qd4 Qc6 34.
Re3 Qd7 35. f3 Bb1 36. a3 Rxe3 37. Qxe3 Qf5 38. g4 Qd7 39. Kg3 Bg6 40. Bd6 f5
41. Qe5 fxg4 42. Qxd5+ Bf7 43. Qa8+ Kh7 44. hxg4 Qe6 45. Qe4+ Qxe4 46. fxe4 Kg6
47. c6 Be6 48. Kf4 Kf6 49. Be5+ Kf7 50. Bd4 g6 51. g5 h5 52. Ke5 h4 53. Kd6 h3
54. Be5 Bg4 55. Bh2 Be6 56. Kc7 Bg4 57. Kd8 Bf3 58. c7 1-0

[Event "Plzen, FSB C"]
[Site "?"]
[Date "2004.??.??"]
[Round "1.10"]
[White "Vitous, V."]
[Black "Konigs, C."]
[Result "0-1"]
[WhiteElo "1553"]
[BlackElo "1768"]
[PlyCount "80"]
[EventDate "2004.??.??"]
[Source "ChessBase"]
[SourceDate "1996.11.15"]

1. e4 c5 2. Nf3 Nc6 3. d4 cxd4 4. Nxd4 Nf6 5. Nc3 e5 6. Nb3 Bb4 7. Bg5 Bxc3+ 8.
bxc3 h6 9. Bh4 g5 10. Bg3 Nxe4 11. Bc4 Qe7 12. Qf3 Nf6 13. O-O d6 14. Bb5 O-O
15. h3 Bd7 16. Rad1 a6 17. Be2 Be6 18. Rxd6 Bxb3 19. Rxf6 Bd5 20. Qf5 Be4 21.
Qxe4 Qxf6 22. Bd3 Qg7 23. Rb1 f6 24. h4 Rac8 25. a4 Rfd8 26. Qc4+ Kh8 27. Bf5
Rc7 28. f3 Nd4 29. Qd3 Rxc3 30. Qe4 Nxf5 31. Qxf5 Rc6 32. Bf2 Qh7 33. Qg4 Rxc2
34. Qb4 Rdc8 35. Be1 Qd7 36. hxg5 hxg5 37. Bf2 Rc1+ 38. Rxc1 Rxc1+ 39. Kh2 Qh7+
40. Bh4 Qxh4+ 0-1

[Event "Plzen, FSB C"]
[Site "?"]
[Date "2004.??.??"]
[Round "1.11"]
[White "Smid, J."]
[Black "Schanilec, M."]
[Result "1-0"]
[WhiteElo "1752"]
[BlackElo "1488"]
[PlyCount "71"]
[EventDate "2004.??.??"]
[Source "ChessBase"]
[SourceDate "1996.11.15"]

1. g4 d5 2. Bg2 Bxg4 3. c4 Nf6 4. cxd5 c6 5. Nc3 e6 6. dxc6 Nxc6 7. Qa4 Qd7 8.
Bxc6 bxc6 9. b3 Rd8 10. d3 Be7 11. Bb2 O-O 12. h3 Bh5 13. Rh2 Bc5 14. Rg2 Bxe2
15. Ngxe2 Qxd3 16. Bc1 Qf3 17. Kf1 Rd4 18. Qa5 Ne4 19. Be3 Bb4 20. Nxd4 Nd2+
21. Kg1 Bxa5 22. Nxf3 Nxf3+ 23. Kf1 Bxc3 24. Rc1 Bd2 25. Bxd2 Nxd2+ 26. Ke2 Ne4
27. Rxc6 Rd8 28. Ke3 Nf6 29. Rg1 Nd5+ 30. Kf3 Nb4 31. Rc7 Nxa2 32. Ra1 Nb4 33.
Raxa7 Nd3 34. Ke3 Ne5 35. f4 Rd3+ 36. Ke2 1-0

[Event "Plzen, FSB C"]
[Site "?"]
[Date "2004.??.??"]
[Round "1.12"]
[White "Chloupek, J."]
[Black "Zelenka, M."]
[Result "1-0"]
[WhiteElo "1743"]
[BlackElo "1504"]
[PlyCount "55"]
[EventDate "2004.??.??"]
[Source "ChessBase"]
[SourceDate "1996.11.15"]

1. c4 e5 2. Nc3 Bb4 3. d3 Bxc3+ 4. bxc3 Nc6 5. Ba3 d6 6. Nf3 Nf6 7. g3 O-O 8.
Bg2 e4 9. Nd4 Nxd4 10. cxd4 Bf5 11. dxe4 Bxe4 12. f3 Bc6 13. O-O Re8 14. e4 Qd7
15. Rb1 b6 16. Qc2 Bb7 17. c5 dxc5 18. dxc5 Qc6 19. e5 Nd5 20. Rfe1 Qd7 21. f4
Rab8 22. Red1 Qe6 23. Rb3 c6 24. Rbd3 Qf5 25. Bxd5 cxd5 26. c6 Ba6 27. c7 Bxd3
28. cxb8=Q 1-0

[Event "Plzen, FSB C"]
[Site "?"]
[Date "2004.??.??"]
[Round "1.13"]
[White "Veenstra, C."]
[Black "Bukacek, L."]
[Result "1-0"]
[WhiteElo "1474"]
[BlackElo "1728"]
[PlyCount "87"]
[EventDate "2004.??.??"]
[Source "ChessBase"]
[SourceDate "1996.11.15"]

1. d4 d5 2. Nf3 c6 3. e3 Nf6 4. Bd3 Bg4 5. O-O Nbd7 6. Nbd2 e6 7. a3 Bd6 8. b4
Qc7 9. Qe1 O-O 10. Bb2 Rfe8 11. Qc1 e5 12. dxe5 Nxe5 13. Nxe5 Bxe5 14. Bxe5
Qxe5 15. Re1 Qg5 16. Nf1 Bh3 17. Ng3 Bd7 18. f4 Qh4 19. Bf5 Rad8 20. Bxd7 Rxd7
21. c4 Ng4 22. Nf1 Qf2+ 23. Kh1 dxc4 24. Qxc4 Nxe3 25. Re2 Rde7 26. Nxe3 Qh4
27. Qd4 a6 28. Rae1 Re4 29. g3 Qh5 30. Qd3 Qf3+ 31. Kg1 h5 32. Rf2 Rxe3 33.
Rxf3 Rxe1+ 34. Kf2 Ra1 35. Re3 Rf8 36. Re7 Ra2+ 37. Kg1 b5 38. Qe3 g6 39. Re8
Rc2 40. Rxf8+ Kxf8 41. Qb6 Kg7 42. Qxa6 Kf6 43. a4 Kf5 44. axb5 1-0

[Event "Plzen, FSB C"]
[Site "?"]
[Date "2004.??.??"]
[Round "1.14"]
[White "Pasek, M."]
[Black "Reznicek, M."]
[Result "1-0"]
[WhiteElo "1710"]
[BlackElo "1411"]
[PlyCount "81"]
[EventDate "2004.??.??"]
[Source "ChessBase"]
[SourceDate "1996.11.15"]

1. c4 c5 2. Nc3 Nc6 3. g3 Nf6 4. Bg2 g6 5. Nf3 Bg7 6. O-O O-O 7. e3 d6 8. d4
cxd4 9. exd4 d5 10. Ne5 e6 11. Bg5 h6 12. cxd5 exd5 13. Bxf6 Bxf6 14. Nxd5 Nxe5
15. Nxf6+ Qxf6 16. dxe5 Qxe5 17. b3 Rb8 18. Qd2 Kg7 19. Rfe1 Qf6 20. Rac1 Be6
21. Rc7 Rfd8 22. Qe3 Rd7 23. Rxd7 Bxd7 24. Qxa7 Qc3 25. Rd1 Rd8 26. Qd4+ Qxd4
27. Rxd4 Kf8 28. Bxb7 Ke7 29. a4 Rb8 30. Bd5 Be6 31. Bxe6 Kxe6 32. Rd3 Rb7 33.
Kf1 Ke5 34. Ke2 Ke4 35. f3+ Ke5 36. Ke3 Rb4 37. h3 g5 38. Kd2 h5 39. Kc3 Rb8
40. b4 Rc8+ 41. Kb3 {87 tahu} 1-0

[Event "Plzen, FSB C"]
[Site "?"]
[Date "2004.??.??"]
[Round "1.15"]
[White "van Merkerk, R."]
[Black "Zach, T."]
[Result "0-1"]
[WhiteElo "1400"]
[BlackElo "1709"]
[PlyCount "40"]
[EventDate "2004.??.??"]
[Source "ChessBase"]
[SourceDate "1996.11.15"]

1. e4 e5 2. Nc3 Nf6 3. f4 Nc6 4. Nf3 d6 5. fxe5 dxe5 6. Bc4 Bg4 7. O-O Bxf3 8.
Rxf3 Qd4+ 9. Kh1 Qxc4 10. d3 Qe6 11. Bg5 h6 12. Bxf6 gxf6 13. Nd5 O-O-O 14.
Rxf6 Qd7 15. Qh5 Rh7 16. Raf1 Be7 17. Rxh6 Rg7 18. Rxf7 Rxf7 19. Qxf7 Rf8 20.
Nf6 Rxf7 0-1

[Event "Plzen, FSB C"]
[Site "?"]
[Date "2004.??.??"]
[Round "1.16"]
[White "Soutner, J."]
[Black "Lasik, P."]
[Result "1-0"]
[WhiteElo "1703"]
[BlackElo "1390"]
[PlyCount "75"]
[EventDate "2004.??.??"]
[Source "ChessBase"]
[SourceDate "1996.11.15"]

1. e4 e6 2. d4 d5 3. Nc3 Nf6 4. Bg5 Be7 5. e5 Nfd7 6. h4 Bxg5 7. hxg5 Qxg5 8.
Qd3 c5 9. Nf3 Qf5 10. Qxf5 exf5 11. Nxd5 O-O 12. Nc7 cxd4 13. O-O-O b6 14. Nxa8
Ba6 15. Nc7 Bb7 16. Nb5 Bxf3 17. gxf3 Nxe5 18. Nxd4 Rc8 19. Nxf5 Nbc6 20. Bb5
g6 21. Bxc6 Nxc6 22. Nd4 Ne5 23. Rhe1 Rc5 24. Re2 h5 25. Nb3 Rb5 26. a4 Rxb3
27. cxb3 Nxf3 28. Re7 h4 29. b4 a5 30. bxa5 bxa5 31. b4 axb4 32. a5 Kf8 33.
Rdd7 h3 34. Rxf7+ Ke8 35. Ra7 Ng5 36. Rfb7 Nf7 37. Rxf7 h2 38. Rh7 1-0

[Event "Plzen, FSB C"]
[Site "?"]
[Date "2004.??.??"]
[Round "1.17"]
[White "Polak, M."]
[Black "Cerny, V."]
[Result "0-1"]
[WhiteElo "1368"]
[BlackElo "1659"]
[PlyCount "86"]
[EventDate "2004.??.??"]
[Source "ChessBase"]
[SourceDate "1996.11.15"]

1. e4 g6 2. d4 Bg7 3. Nf3 d6 4. Be2 Nf6 5. Nc3 O-O 6. O-O Bg4 7. Re1 Nc6 8. Be3
Nd7 9. Qd2 Re8 10. d5 Nce5 11. Nxe5 Nxe5 12. f4 Bxe2 13. fxe5 Bc4 14. b3 Ba6
15. exd6 exd6 16. Bd4 Bxd4+ 17. Qxd4 Re5 18. Ne2 Bxe2 19. Rxe2 Qe7 20. Rae1 a5
21. c4 Re8 22. Qd3 f5 23. Kh1 b6 24. h3 fxe4 25. Qe3 Qh4 26. Rf1 Rf8 27. Ref2
Rxf2 28. Rxf2 Kg7 29. Kh2 h6 30. g3 Qg5 31. Rf4 Qe7 32. h4 g5 33. hxg5 hxg5 34.
Rf2 Kg6 35. g4 Qh7+ 36. Qh3 Qh4 37. Re2 Kf6 38. Kg2 Qxh3+ 39. Kxh3 Re7 40. Kg3
Ke5 41. Kf2 Kf4 42. Re3 Kxg4 43. Rg3+ Kf4 0-1

[Event "Plzen, FSB C"]
[Site "?"]
[Date "2004.??.??"]
[Round "1.18"]
[White "Albrecht, J."]
[Black "Fakan, P."]
[Result "1-0"]
[WhiteElo "1657"]
[BlackElo "1200"]
[PlyCount "57"]
[EventDate "2004.??.??"]
[Source "ChessBase"]
[SourceDate "1996.11.15"]

1. e4 e6 2. d4 d5 3. e5 c5 4. c3 Nc6 5. Bb5 Bd7 6. Bxc6 Bxc6 7. Be3 cxd4 8.
cxd4 f6 9. Nc3 Bb4 10. Qg4 Qe7 11. Nge2 O-O-O 12. O-O Nh6 13. Qh5 Be8 14. Qf3
f5 15. Rac1 Kb8 16. Qg3 Bg6 17. Bg5 Qf7 18. Bxd8 Rxd8 19. Nf4 Ng4 20. h3 Nh6
21. Nb5 Bd2 22. Rc2 Bxf4 23. Qxf4 Qd7 24. Nd6 Nf7 25. Nxf7 Bxf7 26. Rfc1 h6 27.
Qd2 g5 28. Qa5 Qe8 29. Qc7+ 1-0

[Event "Plzen, FSB C"]
[Site "?"]
[Date "2004.??.??"]
[Round "1.19"]
[White "Krizek, A."]
[Black "Stanek, V."]
[Result "0-1"]
[WhiteElo "1000"]
[BlackElo "1654"]
[PlyCount "58"]
[EventDate "2004.??.??"]
[Source "ChessBase"]
[SourceDate "1996.11.15"]

1. e4 d6 2. Nf3 c5 3. d4 cxd4 4. Nxd4 Nf6 5. Nc3 a6 6. Bd3 Bd7 7. h3 b5 8. b4
e6 9. O-O Nc6 10. Nxc6 Bxc6 11. Bg5 h6 12. Bxf6 Qxf6 13. Qd2 Rc8 14. Ne2 d5 15.
f3 Bb7 16. c3 g5 17. Rac1 Bg7 18. g4 Qe5 19. f4 Qd6 20. e5 Qb6+ 21. Nd4 Qc7 22.
Qe3 h5 23. Nxe6 fxe6 24. Bg6+ Kd7 25. Bxh5 Rhf8 26. fxg5 Bxe5 27. Bf7 Bh2+ 28.
Kf2 Rxf7+ 29. Ke2 Bf4 0-1

[Event "Plzen, FSB C"]
[Site "?"]
[Date "2004.??.??"]
[Round "1.20"]
[White "van der Heide, G."]
[Black "Martan, P."]
[Result "0-1"]
[WhiteElo "1648"]
[BlackElo "1000"]
[PlyCount "57"]
[EventDate "2004.??.??"]
[Source "ChessBase"]
[SourceDate "1996.11.15"]

1. e4 e5 2. Nf3 Nc6 3. d4 Nxd4 4. Nxe5 Ne6 5. f4 d6 6. Nf3 Qf6 7. f5 Nc5 8. Nc3
h6 9. Bc4 Bd7 10. g4 g5 11. Nd5 Qd8 12. Qd4 f6 13. h4 Bg7 14. hxg5 hxg5 15.
Rxh8 Bxh8 16. Nxc7+ Qxc7 17. Bxg8 O-O-O 18. Bd5 Bc6 19. Be3 b6 20. O-O-O Na4
21. Be6+ Kb8 22. b4 Bb7 23. Bb3 Nc3 24. Rd2 Nxe4 25. Rh2 Nc3 26. Kb2 Nb5 27.
Qd1 Qc3+ 28. Kb1 Qxe3 29. Qd3 0-1

[Event "Plzen, FSB C"]
[Site "?"]
[Date "2004.??.??"]
[Round "2.1"]
[White "Hava, J."]
[Black "Pasek, M."]
[Result "1-0"]
[WhiteElo "1871"]
[BlackElo "1710"]
[PlyCount "79"]
[EventDate "2004.??.??"]
[Source "ChessBase"]
[SourceDate "1996.11.15"]

1. e4 d6 2. d4 Nf6 3. Nc3 g6 4. Be3 Bg7 5. Qd2 Nc6 6. f3 Bd7 7. O-O-O e5 8. d5
Ne7 9. Bc4 a6 10. g4 b5 11. Be2 Rb8 12. Bh6 O-O 13. h4 b4 14. Nb1 a5 15. h5 a4
16. hxg6 fxg6 17. Bxg7 Kxg7 18. Qh6+ Kf7 19. Nh3 Neg8 20. Qe3 Ke8 21. Nd2 Qe7
22. Nc4 Qg7 23. Nf2 g5 24. Rh2 h6 25. Nh1 Ne7 26. Ng3 Ng6 27. Qa7 Rc8 28. Ne3
Nh4 29. Nef5 Qg6 30. Qa5 Rh8 31. Qxb4 h5 32. Rf1 Kf7 33. Qd2 Rb8 34. Rfh1 hxg4
35. fxg4 Rb6 36. Rf2 Rhb8 37. b3 axb3 38. cxb3 c5 39. Nxh4 gxh4 40. g5 1-0

[Event "Plzen, FSB C"]
[Site "?"]
[Date "2004.??.??"]
[Round "2.2"]
[White "Zach, T."]
[Black "Dvorak, M."]
[Result "1-0"]
[WhiteElo "1709"]
[BlackElo "1796"]
[PlyCount "145"]
[EventDate "2004.??.??"]
[Source "ChessBase"]
[SourceDate "1996.11.15"]

1. d4 d5 2. c4 c6 3. cxd5 cxd5 4. Nc3 Nc6 5. e3 Nf6 6. Bd2 g6 7. Bd3 Bg7 8. Nf3
O-O 9. O-O a6 10. Rc1 Bg4 11. Be2 Rc8 12. Ne1 Bxe2 13. Qxe2 Qd7 14. Nd3 b5 15.
Nc5 Qa7 16. f4 e6 17. a3 Nd7 18. Nd3 Ne7 19. Na2 Rxc1 20. Rxc1 Rc8 21. Rxc8+
Nxc8 22. Ne5 Nxe5 23. fxe5 Qc7 24. Bb4 f6 25. Qg4 Qd7 26. exf6 Bxf6 27. Bc5 Be7
28. b4 Bd8 29. Qf4 Qf7 30. Nc1 Bc7 31. Qxf7+ Kxf7 32. g3 Nb6 33. Bxb6 Bxb6 34.
Nd3 Kf6 35. Kf2 Bc7 36. Kf3 a5 37. h3 axb4 38. axb4 e5 39. Kf2 g5 40. g4 exd4
41. exd4 Bd6 42. Ke3 Bh2 43. Kd2 Bg1 44. Kc3 Bh2 45. Ne1 Bf4 46. Nc2 Bc1 47.
Ne1 Ke6 48. Nd3 Be3 49. Nc5+ Kd6 50. Nd3 Ke6 51. Ne5 Bf4 52. Nc6 Bc7 53. Na7
Bg3 54. Nxb5 Kd7 55. Kb3 Kc6 56. Ka4 Bf2 57. Ka5 Be1 58. Na3 Bc3 59. Nc2 Bd2
60. Ka6 Kc7 61. Ka7 Kc6 62. Ka6 Kc7 63. b5 Kb8 64. Kb6 Bc3 65. Kc5 Kb7 66. Kxd5
Kb6 67. Kc4 Bd2 68. d5 Bf4 69. Nd4 Bd6 70. Nf5 Bc7 71. d6 Bd8 72. Nd4 Bf6 73.
Kd5 1-0

[Event "Plzen, FSB C"]
[Site "?"]
[Date "2004.??.??"]
[Round "2.3"]
[White "Rouc, M."]
[Black "Soutner, J."]
[Result "1/2-1/2"]
[WhiteElo "1776"]
[BlackElo "1703"]
[PlyCount "71"]
[EventDate "2004.??.??"]
[Source "ChessBase"]
[SourceDate "1996.11.15"]

1. e4 e5 2. Nf3 Nc6 3. Bc4 Bc5 4. b4 Bxb4 5. c3 Be7 6. d4 Na5 7. Be2 Nf6 8.
dxe5 Ng8 9. Nd4 Nc6 10. f4 d6 11. exd6 cxd6 12. O-O Nf6 13. Bf3 Qc7 14. Be3 a6
15. Nd2 O-O 16. Qe1 Ng4 17. Bxg4 Bxg4 18. Qg3 Bd7 19. f5 f6 20. Bh6 Rf7 21. Ne6
Qb6+ 22. Kh1 Bf8 23. Nxf8 Raxf8 24. Nc4 Qc7 25. Nxd6 Re7 26. Bf4 Ne5 27. Bxe5
Rxe5 28. Qd3 Rc5 29. Rfd1 Ba4 30. Rd2 Rxc3 31. Qd5+ Kh8 32. Nf7+ Kg8 33. Nd6+
Kh8 34. Nf7+ Kg8 35. Ng5+ Kh8 36. Nf7+ 1/2-1/2

[Event "Plzen, FSB C"]
[Site "?"]
[Date "2004.??.??"]
[Round "2.4"]
[White "Bartonicek, Z."]
[Black "Albrecht, J."]
[Result "1-0"]
[WhiteElo "1771"]
[BlackElo "1657"]
[PlyCount "86"]
[EventDate "2004.??.??"]
[Source "ChessBase"]
[SourceDate "1996.11.15"]

1. d4 e6 2. c4 c5 3. d5 d6 4. dxe6 Bxe6 5. e3 Nf6 6. Nf3 h6 7. Bd3 Nc6 8. b3
Nb4 9. Be2 Be7 10. O-O Bf5 11. a3 Bc2 12. Qe1 Nc6 13. Qc3 Be4 14. Nbd2 d5 15.
Bb2 Qc7 16. cxd5 Bxd5 17. Bc4 O-O-O 18. Rfc1 g5 19. Qc2 Qd7 20. Rd1 Rhf8 21.
Bxd5 Nxd5 22. Ne4 b6 23. Nxc5 bxc5 24. e4 Qe6 25. exd5 Rxd5 26. b4 Rfd8 27. Re1
Qd6 28. b5 g4 29. bxc6 gxf3 30. Qa4 Qc7 31. Qa6+ Kb8 32. Qb5+ Ka8 33. Qb7+ Qxb7
34. cxb7+ Kb8 35. Rab1 Bd6 36. Bf6 Rg8 37. g3 Bc7 38. Re7 Rgd8 39. Ree1 R8d7
40. Re8+ Bd8 41. Be5+ Rxe5 42. Rxe5 Bb6 43. a4 a5 1-0

[Event "Plzen, FSB C"]
[Site "?"]
[Date "2004.??.??"]
[Round "2.5"]
[White "Cerny, V."]
[Black "Nathansky, D."]
[Result "1-0"]
[WhiteElo "1659"]
[BlackElo "1771"]
[PlyCount "48"]
[EventDate "2004.??.??"]
[Source "ChessBase"]
[SourceDate "1996.11.15"]

1. e4 e6 2. d4 d5 3. Nc3 dxe4 4. Nxe4 Nf6 5. Nxf6+ Qxf6 6. Nf3 h6 7. Bd3 Bd6 8.
O-O Nc6 9. Re1 O-O 10. c3 e5 11. d5 Ne7 12. Be4 Bf5 13. Nd2 Rad8 14. b4 Qg6 15.
Qb3 Bxe4 16. Nxe4 Nxd5 17. Qxd5 Bxb4 18. Qb3 Be7 19. Ba3 Bxa3 20. Qxa3 f5 21.
Qb3+ Kh8 22. Nc5 b6 23. Ne6 f4 24. Nxf8 Rxf8 {33 tahu} 1-0

[Event "Plzen, FSB C"]
[Site "?"]
[Date "2004.??.??"]
[Round "2.6"]
[White "Konigs, C."]
[Black "Veenstra, C."]
[Result "1-0"]
[WhiteElo "1768"]
[BlackElo "1474"]
[PlyCount "73"]
[EventDate "2004.??.??"]
[Source "ChessBase"]
[SourceDate "1996.11.15"]

1. e4 e5 2. Nf3 Nc6 3. d4 exd4 4. Nxd4 d6 5. Nc3 g6 6. Bc4 Bg7 7. Be3 Nf6 8.
O-O O-O 9. Nxc6 bxc6 10. Qd2 Bb7 11. Rad1 Re8 12. f3 Qe7 13. Rfe1 Rad8 14. Qf2
Nd7 15. Qg3 Bf6 16. Qf2 Bh4 17. g3 Bg5 18. Bxg5 Qxg5 19. f4 Qc5 20. Bd3 Qxf2+
21. Kxf2 Nc5 22. Rd2 Nxd3+ 23. cxd3 a6 24. d4 f6 25. Rde2 Kf7 26. e5 fxe5 27.
dxe5 dxe5 28. fxe5 Ke6 29. Ne4 Ba8 30. Nc5+ Kf5 31. Nxa6 Kg5 32. Nxc7 Rf8+ 33.
Kg1 Kf5 34. e6 c5 35. Rf2+ Kg4 36. Rxf8 Rxf8 37. e7 1-0

[Event "Plzen, FSB C"]
[Site "?"]
[Date "2004.??.??"]
[Round "2.8"]
[White "Fastova, K."]
[Black "Chloupek, J."]
[Result "1/2-1/2"]
[WhiteElo "1636"]
[BlackElo "1743"]
[PlyCount "69"]
[EventDate "2004.??.??"]
[Source "ChessBase"]
[SourceDate "1996.11.15"]

1. e4 c5 2. Nf3 d6 3. d4 cxd4 4. Nxd4 Nf6 5. Nc3 a6 6. a4 e5 7. Nb3 Be6 8. Be2
Be7 9. O-O O-O 10. Kh1 Nbd7 11. Be3 Rc8 12. Nd2 d5 13. exd5 Nxd5 14. Nxd5 Bxd5
15. Bf3 Bxf3 16. Nxf3 Qc7 17. c3 Rfd8 18. Qe2 Qc4 19. Qc2 f6 20. Nd2 Qe6 21.
Rfe1 f5 22. Nf3 e4 23. Nd4 Qf7 24. f4 Nc5 25. Red1 g6 26. b4 Nd3 27. b5 Bb4 28.
Ne2 Qc7 29. bxa6 bxa6 30. Rab1 Bxc3 31. Nxc3 Qxc3 32. Qa2+ Qc4 33. Qa3 Qc2 34.
Rf1 Qc6 35. Rb6 1/2-1/2

[Event "Plzen, FSB C"]
[Site "?"]
[Date "2004.??.??"]
[Round "2.9"]
[White "Martan, P."]
[Black "Szarowski, D."]
[Result "0-1"]
[WhiteElo "1000"]
[BlackElo "1889"]
[PlyCount "40"]
[EventDate "2004.??.??"]
[Source "ChessBase"]
[SourceDate "1996.11.15"]

1. e4 e5 2. Nf3 Nc6 3. Bc4 Nf6 4. d3 d5 5. Bxd5 Nxd5 6. exd5 Qxd5 7. c4 Qd6 8.
Nc3 Bg4 9. Nd5 Nd4 10. Be3 Nxf3+ 11. gxf3 Bh5 12. Qb3 O-O-O 13. Ke2 c6 14. Rac1
cxd5 15. cxd5+ Kb8 16. Rc6 Qxd5 17. Bxa7+ Kxa7 18. Qb6+ Ka8 19. Rhc1 Bxf3+ 20.
Ke1 bxc6 {38 tahu} 0-1